000
00214 a2200097 4500
001
45332
100
_a
Seymour W
245
_a
British special forces
260
_a
London
_b
Grafton books
_c
090
_c
28498
_d
28498
942
_a
NUST-CAE
_c
M
_c
20555
999
_c
280405
_d
280405